01966nam a2200409 a 4500001001200000003000800012006001900020007001500039008004100054020001800095020002700113040002100140035002100161043002100182050002300203082002900226100002500255245014300280260005900423300003700482490011500519504005100634533015200685588009400837650008400931650004901015651007201064651007301136651005401209651005501263655002901318710001701347830003301364856012601397922001801523999001501541ebr10699963CaPaEBRm o u cr cn|||||||||130527s2013 ne sb 001 0 eng d z9789004248342 z9789004249585 (e-book) aCaPaEBRcCaPaEBR a(OCoLC)844957225 ae-uk-stae-gx---14aDA800b.Z53 2013eb04a303.48/24110435909032231 aZickermann, Kathrin.10aAcross the German seah[electronic resource]bearly modern Scottish connections with the wider Elbe-Weser region /cby Kathrin Zickermann. aLeiden, Netherlands ;aBoston, Mass. :bBrill,cc2013. a1 online resource (xvi, 272 p.).1 aThe Northern World : North Europe and the Baltic c. 400-1700 A.D. Peoples, Economies and Cultures ;vVolume 62 aIncludes bibliographical references and index. aElectronic reproduction.bPalo Alto, Calif. :cebrary,d2013.nAvailable via World Wide Web.nAccess may be limited to ebrary affiliated libraries. aDescripion based on online resource; title from title page (ebrary, viewed May 27, 2013). 0aScotszElbe River Region (Czech Republic and Germany)xPolitics and government. 0aScotszGermanyzWeser River RegionxHistory. 0aScotlandxRelationszElbe River Region (Czech Republic and Germany) 0aElbe River Region (Czech Republic and Germany)xRelationszScotland. 0aScotlandxRelationszGermanyzWeser River Region. 0aWeser River Region (Germany)xRelationszScotland. 7aElectronic books.2local2 aebrary, Inc. 0aNorthern world ;vVolume 62.40uhttp://site.ebrary.com/lib/rucke/Doc?id=10699963zAn electronic book accessible through the World Wide Web; click to view aInnodata Copy c6626d6626